| 000 | 00509nam a2200181 i 4500 | ||
|---|---|---|---|
| 001 | 39267 | ||
| 003 | ES-MaACL | ||
| 005 | 20230906155928.0 | ||
| 007 | t| | ||
| 008 | 030227s1911 fr ||||1| fre d | ||
| 100 | 1 |
_aCalvocoressi , M. D. _9200213 |
|
| 245 | 1 | 4 |
_aLes maitres de la musique _b: Monssorgsky / _cpar M. D. Calvocoressi. |
| 250 | _a2emè ed. | ||
| 260 |
_a[S.l. : _bs.n., _c1911] ( _eEvreux : _fCh. Herissey) |
||
| 300 |
_a246 p. ; _c20 cm. |
||
| 852 |
_aES-MaACL _jF-2837 |
||
| 999 |
_c39267 _d39267 |
||